书目信息 |
| 题名: |
双升高手秘籍
|
|
| 作者: | 韩珺 , 苏兮 著 | |
| 分册: | ||
| 出版信息: | 北京 同心出版社 2015 |
|
| 页数: | 247页 | |
| 开本: | 21cm | |
| 丛书名: | ||
| 单 册: | ||
| 中图分类: | G892.1 | |
| 科图分类: | ||
| 主题词: | 扑克--基本知识 | |
| 电子资源: | ||
| ISBN: | 978-7-5477-1839-1 | |
| 000 | 00745nam0 2200229 450 | |
| 001 | 427 | |
| 005 | 20180520213604.89 | |
| 010 | @a978-7-5477-1839-1@dCNY29.80 | |
| 100 | @a20160109d2015 em y0chiy50 ea | |
| 101 | 0 | @achi |
| 102 | @aCN@b110000 | |
| 105 | @aa z 000yy | |
| 200 | 1 | @a双升高手秘籍@9shuang sheng gao shou mi ji@f韩珺,苏兮著 |
| 210 | @a北京@c同心出版社@d2015 | |
| 215 | @a247页@c图@d21cm | |
| 330 | @a本书是一本关于纸牌游戏“双升”的书籍,内容涵盖了序幕、战备、庄位控制、帮庄配合、防守攻略、技术调整,从宏观掌控到微观处理,语言精练、总结到位。 | |
| 606 | 0 | @a扑克@x基本知识 |
| 690 | @aG892.1@v5 | |
| 701 | 0 | @a韩珺@9han jun@4著 |
| 701 | 0 | @a苏兮@9su xi@4著 |
| 801 | 0 | @aCN@b91MARC@c20160109 |
| 905 | @aMuseLib@dG892.1@e373 | |
| 双升高手秘籍/韩珺,苏兮著.-北京:同心出版社,2015 |
| 247页:图;21cm |
| ISBN 978-7-5477-1839-1:CNY29.80 |
| 本书是一本关于纸牌游戏“双升”的书籍,内容涵盖了序幕、战备、庄位控制、帮庄配合、防守攻略、技术调整,从宏观掌控到微观处理,语言精练、总结到位。 |
| ● |
| 相关链接 |
|
|
|
|
正题名:双升高手秘籍
索取号:G892.1/373
 
预约/预借
| 序号 | 登录号 | 条形码 | 馆藏地/架位号 | 状态 | 备注 |
| 1 | 1102500 | 211025004 | 第一样本阅览室/ [索取号:G892.1/373] | 在馆 | |
| 2 | 1102501 | 211025013 | 教育系资料室/ [索取号:G892.1/373] | 在馆 | |
| 3 | 1102502 | 211025022 | 教育系资料室/ [索取号:G892.1/373] | 在馆 | |
| 4 | 1102503 | 211025031 | 教育系资料室/ [索取号:G892.1/373] | 在馆 | |
| 5 | 1102504 | 211025040 | 第四借阅区/ [索取号:G892.1/373] | 在馆 | |
| 6 | 1102505 | 211025059 | 第四借阅区/ [索取号:G892.1/373] | 在馆 |